Els Pergamins de l'Arxiu Parroquial de Pollença /
Descripción Física:
274 p. ; 22 cm
MARC
| LEADER | 00000nam a2200000Ia 4500 | ||
|---|---|---|---|
| 001 | 1878 | ||
| 008 | 160829s9999 xx 000 0 cat d | ||
| 080 | |a A-1-305 | ||
| 100 | |a Rosselló Lliteras, Joan |9 19612 | ||
| 245 | |a Els Pergamins de l'Arxiu Parroquial de Pollença / |c Joan Rosselló Lliteras | ||
| 260 | |a Palma de Mallorca : |b Consell Insular de Mallorca, DL 1985 | ||
| 300 | |a 274 p. ; |c 22 cm | ||
| 650 | |a Arxiu Parroquial de Pollença |x Catàlegs |9 19613 | ||
| 650 | |a Dret |x Balears |x Història |x Fonts |9 19614 | ||
| 710 | 1 | |a Mallorca (Illes Balears). |b Consell Insular |9 56483 | |
| 901 | |a Arxiu | ||
| 942 | |n 1 | ||
| 952 | |0 0 |1 0 |4 0 |6 A1305 |7 1 |9 41286 |a Arxiu |b Arxiu |d 2016-12-01 |l 0 |o A-1-305 |p 1878 |r 2016-12-01 00:00:00 |w 2016-12-01 |y ARXIU | ||
| 999 | |c 43069 |d 43069 | ||